[Event "Match 69_120'/40"]
[Site "Zürich"]
[Date "2022.??.??"]
[Round "40"]
[White "Mephisto Almeria 68000"]
[Black "Excel Mach III 68000"]
[Result "0-1"]
[WhiteElo "2079"]
[BlackElo "2021"]
[Annotator "KUT"]
[PlyCount "137"]
[EventDate "2022.??.??"]

{[%evp 0,116,19,38,75,54,56,51,66,77,68,41,40,58,74,57,76,61,78,74,65,67,82,69,
85,73,93,53,58,35,10,4,14,11,31,-9,-3,-6,-3,-3,-3,-32,-28,-29,-17,-44,-8,-3,17,
3,3,18,43,-47,-55,-58,-54,-67,-76,-77,-64,-100,-99,-110,-113,-131,-129,-132,
-132,-124,-124,-195,-96,-103,-109,-103,-92,-103,-105,-129,-151,-164,-164,-170,
-176,-167,-161,-170,-180,-184,-172,-232,-249,-245,-221,-216,-215,-391,-144,
-149,-148,-148,-138,-164,-171,-179,-192,-198,-198,-313,-325,-325,-360,-365,
-375,-422,-365,-507,-378]} 1. e4 d6 {Match 120'/40 | Bediener: Rolf Bühler |
40. Partie: Schwarz (Mach III) gewinnt | Zwischenstand: 22,0-18,0 (55%) für
den Mephisto Almeria 68000 | Aus einer Pirc-Verteidigung ergibt sich durch
eine unübliche Zugfolge eine Skandinavisch ähnliche Stellung. Und nach
bereits 20 Zügen steht eine schwieriges Doppel-Turm-Endspiel auf dem Brett.
Und für einmal - fast ausnahmsweise - gelingt es dem Mach III 68000 seinen
Gegner zu überspielen und mit einer recht reifen Leistung einen wichtigen
Sieg zu holen.} 2. Nf3 Nf6 {***ENDE BUCH***} 3. Nc3 {***ENDE BUCH***} d5 {
Ein zwar höchst ungewöhnliches Gebaren, den Bauern erneut und ein zweites
Mal zu bewegen, aber trotz allem spielbar.} 4. exd5 Nxd5 5. Nxd5 Qxd5 6. d4 {
Es ist ein Stellungstyp der Skandinavischen Verteidigung entstanden. Weiss
steht dank besserer Zentrumskontrolle etwas günstiger.} Bg4 7. Be2 Nd7 8. O-O
e6 9. c4 Qe4 10. Re1 O-O-O {Vorsichtige Naturen hätten die kurze Rochade
angestrebt.} 11. h3 Bh5 12. Ng5 $6 (12. Be3 {mit Entwicklung verdient den
Vorzug.}) 12... Bxe2 13. Qxe2 {Damentausch kommt nun wegen der Drohung Sxf7
nicht in Frage.} Qf5 14. c5 {Ein zumindest in positioneller Hinsicht
fragwürdiger Vorstoss, der den d4-Bauer rückständig macht und das Feld d5
schwächt.} Be7 15. Qf3 $6 {Unter den gegebenen Umständen ist Damentausch
für Weiss kein gutes Geschäft, bleibt er doch mit einer geschwächten
Bauernstruktur zurück.} ({Nach} 15. Nf3 {hat Weiss die Chance, mit b2-b4
einen Angriff gegen die schwarze Königsstellung zu starten.}) 15... Qxf3 16.
Nxf3 Rhg8 {Mit der deutlichen Absicht, g7-g5 zu spielen.} 17. Ng5 {Die
Doppeldrohung Sxh7 und Sxf7 zwingt Schwarz zur folgenden Antwort.} Bxg5 18.
Bxg5 Nf6 {Und schon geht der Angriff gegen die weisse Bauernschwäche d4 los.}
19. Rad1 Rd5 {Greift den Lg5 an und bereitet die Verdoppelung der Türme auf
der halboffenen d-Linie vor.} 20. Bxf6 {Damit wird die schwarze Bauernstruktur
am Königsflügel geschwächt.} gxf6 $11 {[#] Im nun entstandenen
Doppel-Turm-Endspiel haben wir dem Mach III keine Chancen eingeräumt, denn
bis anhin hatte in solchen Endspielen fast ausschliesslich das Lang-Programm
die Nase vor.} 21. Re4 b6 {Auch ...Kd7 nebst ...h5 oder umgekehrt kam in Frage.
} 22. c6 $2 {[%mdl 32768] Ein ungünstiger Vorstoss, denn der c6-Bauer wird zu
einer Schwäche. Notwendig war deshalb der Abtausch auf b6. In der Folge
passieren beiden Programmen kleinere und grössere Ungenauigkeiten in diesem
für unsere Programme schwierig zu durchschauenden Endspiel. Bessere
Alternativen sind jeweils kurz eingeblendet.} Ra5 ({Besser} 22... Kd8 {Idee ...
Ke7 nebst ...Tgd8 und/oder ...h5.}) 23. a3 Rb5 (23... Rd5 $1) 24. Rh4 (24. d5
$1 $14 {und der weisse Turm dringt sehr lästig auf der 7. Reihe ein.}) 24...
Rg7 25. b4 a5 26. Rb1 $6 (26. d5 $3 $16) 26... axb4 27. axb4 Kd8 28. Kh2 Ke7
29. Rh6 f5 $17 {Schwarz steht zweifellos besser; insbesondere der weisse
c6-Bauer ist praktisch zum Tode verurteilt.} 30. Rb3 Kd6 31. Rg3 {Aus Sicht
der beiden Computerprogramme wohl die einzige Wahl. Der schwarze Turm, der h7
verteidigt wird beseitigt. Dass dieses Manöver bei ShashChess 20.2 unter den
4 besten Zügen nicht erscheint, darf dabei wohl vernachlässigt werden und
zeigt einfach die schreckliche Überlegenheit der heutigen Schachengines.} Rxg3
32. Kxg3 Rxb4 33. Rxh7 Kxc6 34. Rxf7 Rxd4 $19 {[#] Mit Mehrbauer und zwei
verbundenen Freibauern hat Schwarz eine gewonnene Stellung. Einzig der weisse
Freibauer auf der h-Linie muss natürlich beachtet werden.} 35. h4 {Der
Almeria 68000 setzt zu Recht noch auf seinen Freibauern.} Rd1 {Es gewinnt
schon fast alles, aber ein menschlicher Spieler würde kaum so fortsetzen.} (
35... Rg4+ 36. Kh3 Rg8 $19 {und Weiss hat keinerlei Gegenchancen.}) 36. Rf6 Kd6
37. Rf8 {Droht, mit Td8+ den schwarzen Turm auf d1 einzukassieren.} {[#]} Rb1
$2 {[%mdl 32768] Ein seltsames Manöver, das den schwarzen Vorteil fast
vollständig zunichte macht.} (37... Rh1 $1 $19) (37... Kc5 $19) 38. Rd8+ $2 {
[%mdl 32768] Aber auch Weiss ist nicht auf der Höhe. Hier wäre 38.Kh1!
möglich gewesen, was dem gegnerischen Turm das Feld h1 verwehrt. Und
anschliessend hat der weisse Freibauer auf der h-Linie freie Bahn.} Ke5 (38...
Ke7 $1 {ist deutlich stärker und erlaubt dem König, gegen den Vormarsch des
gegnerischen Bauern einzugreifen.}) 39. Rd3 $2 {[%mdl 32768] Aus den bekannten
Gründen falsch.} (39. Kh2 $1) 39... c5 $19 {Nun geht die schwarze Uhr wieder
richtig.} 40. Re3+ Kf6 41. Rc3 Rb4 42. Rc2 c4 {Die beiden verbundenen
Freibauern sind tödlich.} 43. f3 b5 44. Kf2 f4 45. g4 fxg3+ 46. Kxg3 e5 47. h5
Kg5 48. Re2 Kxh5 49. Rxe5+ Kg6 50. Rc5 Kf6 51. f4 Rb3+ 52. Kg4 c3 53. Rc6+ Ke7
54. Kg5 Kd7 55. Rc5 Kd6 56. Rc8 b4 57. Rd8+ Ke7 58. Rc8 Rb1 59. f5 Rg1+ 60. Kh4
b3 $1 {Gut gespielt vom Fidelity Excel Mach III 68000. Das Programm muss den
Gewinn bereits gesehen haben, dass die Umwandlung des b-Bauern nicht mehr
verhindert werden kann.} 61. Rxc3 b2 62. Rb3 b1=Q 63. Rxb1 Rxb1 {Die
restlichen Züge hätte man sich sparen können. Aber wie üblich, spielt
Schachfreund Rolf Bühler bis zur Anzeige -9.99 oder Aufgabe des Gegners.} 64.
Kg4 Rf1 65. Kg5 Kf7 66. Kg4 Kf6 67. Kg3 Kg5 68. Kg2 Rf4 69. Kg3 {
***AUFGEGEBEN***} 0-1

[Event "Match 69_120'/40"]
[Site "Zürich"]
[Date "2022.??.??"]
[Round "41"]
[White "Excel Mach III 68000"]
[Black "Mephisto Almeria 68000"]
[Result "0-1"]
[WhiteElo "2021"]
[BlackElo "2079"]
[Annotator "KUT"]
[PlyCount "165"]
[EventDate "2022.??.??"]

{[%evp 0,165,16,14,14,31,10,13,10,-2,8,5,21,7,12,12,8,-9,7,-23,10,1,15,-8,8,11,
14,1,1,6,10,7,7,7,17,27,35,-1,32,12,19,30,25,30,23,-14,-7,-6,0,-20,-23,-23,-23,
-23,-19,-13,-9,-9,-6,-6,-13,-14,-18,-18,-16,-13,6,0,0,0,0,0,0,-37,-29,-89,-82,
-75,-67,-67,-54,-82,-54,-35,-49,-39,-46,-44,-49,-61,-67,-70,-70,-70,-18,-73,
-73,-73,-64,-101,-77,-85,-85,-140,-146,-152,-107,-74,-107,-107,-79,-108,-56,
-104,-100,-92,-127,-264,-279,-287,-289,-288,-308,-952,-329,-343,-360,-393,-404,
-404,-428,-535,-479,-479,-532,-617,-516,-565,-503,-628,-654,-665,-690,-754,
-744,-848,-850,-953,-954,-997,-1002,-1002,-1021,-1012,-1012,-1012,-1012,-1012,
-1002,-1011,-1012,-1022,-1022,-1457,-1894,-28892,-1884,-29973]} 1. e4 e5 {
Match 120'/40 | Bediener: Rolf Bühler | 41. Partie: Schwarz (Almeria 68000)
gewinnt | Zwischenstand: 23,0-18,0 (56%) für den Mephisto Almeria 68000 | Das
in der Spanischen Eröffnung, Offene Variante, gewählte System scheint
angesichts der wenigen vorhandenen Partien gar nicht mehr im Trend zu liegen.
Nach je 16 Zügen aus den Eröffnungsbüchern passiert auch im Mittelspiel
nichts Besonderes, weil beide Programme keine Versuche machen, die Stärken
ihrer Stellung zu betonen. Und so steht nach bereits 25 Zügen ein schwieriges
Doppel-Turm-Endspiel auf dem Brett, wo im 42. Zug je ein Turmpaar verschwindet.
Nachdem sich dieses Endspiel längere Zeit ausgeglichen gestaltet, stolpert
der Mach III und muss sich nach einigen verpassten Remischancen doch noch
geschlagen geben.} 2. Nf3 Nc6 3. Bb5 a6 4. Ba4 Nf6 5. O-O Nxe4 6. d4 b5 7. Bb3
d5 8. dxe5 Be6 9. c3 Be7 10. Nbd2 O-O 11. Qe2 Nc5 12. Nd4 Nxb3 13. Nxc6 Nxc1
14. Raxc1 Qd7 15. Nxe7+ Qxe7 16. f4 {***ENDE BUCH***} g6 {***ENDE BUCH***} (
16... f5 {ist keine günstigere Alternative}) 17. Nf3 {[#] Die Stellung ist
etwas aussichtsreicher für Weiss. Die beidseitigen Pläne sind aber
vorgezeichnet. Weiss hat eine Bauernmehrheit am Königsflügel mit 4 : 3
Bauern, Schwarz eine solche am Damenflügel. Der weisse Plan kann nur darin
bestehen, f4-f5 durchzudrücken, wenn möglich unterstützt durch vorgängig
g2-g4, um nach ...g6xf5 stark mit g4xf5 und einem Königsangriff entgegnen zu
können. Schwarz hingegen muss versuchen, seine eigene Bauernmehrheit in die
Waagschale zu werfen, Linien zu öffnen zwecks Tausch der Schwerfiguren und
Bildung eines Freibauern.} Qc5+ {?! Eigentlich ist das der falsche Weg. Nach
c5 hätte der Bauer gehen sollen. Alternativ war auch 17...Tae8 denkbar, mit
der Absicht, durch ...f6 die e-Linie zu öffnen.} 18. Kh1 $6 (18. Nd4 $1 {
Dieser zentralisierende Springerzug ist spürbar stärker.}) 18... Bf5 19. b4
Qc6 $6 {Vernünftiger ginge die Dame nach c4 oder e7. Auf c6 steht die Dame
dem Vorstoss c7-c5 im Weg.} 20. Nd4 Qd7 21. Nxf5 $6 {Dieser Tausch entlastet
das schwarze Spiel doch ganz wesentlich.} Qxf5 22. Rcd1 c6 23. Qe3 Rfc8 $6 {
Auch keine zweckmässige "Erfindung". Sehr gut und den Kern der Stellung
treffend sind die aktiven Fortsetzungen 23...a5 - Schwarz übernimmt die
Initiative am Damenflügel - oder 23...f6, um die weisse Bauernwalze
anzugreifen.} 24. Qd3 Qxd3 25. Rxd3 a5 $1 {Endlich wird Schwarz am richtigen
Ort aktiv.} 26. a3 axb4 27. cxb4 Re8 28. Kg1 f6 29. exf6 Re6 30. f5 Rxf6 31.
fxg6 Rxg6 32. Rdf3 Rd8 $11 {Die Stellung befindet sich im Gleichgewicht.} 33.
Rf6 Rd6 34. Rf8+ Kg7 35. R1f7+ Kh6 36. Rf4 d4 {Nun sollte sich Weiss auf den
weiteren Vormarsch des schwarzen Bauern einstellen, was mit 37.Tf2 oder 37.Tf1
möglich wäre.} 37. R8f7 $6 {Eine erste Ungenauigkeit.} d3 38. Rh4+ Kg5 39.
Rh3 h5 40. Rf1 ({Auch} 40. Rg3+ Kh6 41. Rxg6+ Kxg6 42. Rf1 $11 {ändert nichts
am Gleichgewicht}) 40... d2 41. Rg3+ Kh6 42. Rxg6+ Kxg6 {Schliesslich ist ein
ausgeglichenes Turmendspiel entstanden.[#]} 43. Rd1 Rd3 44. Kf2 Kf5 45. Ke2
Rxa3 46. Rxd2 Rc3 47. Kd1 Ke4 48. Rf2 Rc4 49. Rb2 {Für aktive Spieler gibt es
andere Fortsetzungen:} (49. g3 {was Tf4+ ermöglicht} Kd4 50. Rf4+ Kc3 51.
Rxc4+ bxc4 52. Kc1 $1 Kxb4 53. h3 Kc3 54. g4 hxg4 55. hxg4 Kd4 56. Kd2 c5 57.
g5 Ke5 58. Kc3 Kf5 59. Kxc4 Kxg5 60. Kxc5) (49. Rc2 Rxc2 {oder Txb4, Txc6 =
Ausgleich} 50. Kxc2 Kd4 51. Kd2 Kc4 52. h4 Kd4 {aber nicht ...Kxb4??, g4! +-
und gewinnt} 53. Ke2 Ke4 54. g3 $11) 49... Kd4 {Noch immer steht das Endspiel
gleich.[#]} 50. Kd2 $2 {Damit gerät der Mach III in eine verlorene Stellung,
weil sein König in der Folge zurückgedrängt werden kann. Wahrscheinlich
erkennt das Programm von Kathe & Dan Spracklen nicht, dass} (50. Rb3 Rc3 51.
Rxc3 Kxc3 52. h4 {in ein gleichstehendes Bauernendspiel überlenkt.}) 50... Rc3
$1 {Bringt Weiss in Zugzwang.} 51. Ra2 {Es gibt schon keine Rettung mehr.} Kc4
52. Rb2 h4 {Verhindert g2-g3.} 53. Kd1 Rd3+ 54. Ke2 Ra3 $2 {[%mdl 32768]
Verpatzt im letzten Moment seinen entscheidenden Vorteil, der mit 54...Kc3
nebst ...Td4 fast auf der Hand lag.} 55. Kf2 {[%mdl 32768] Aber auch der Mach
III kann es nicht besser und versaut die Stellung wieder zum Verlust.} (55.
Rc2+ Rc3 (55... Kxb4 56. Rxc6 $11) 56. Rxc3+ Kxc3 57. g4 hxg3 58. h4 $1 $11)
55... Rc3 $2 {[%mdl 32768] Dieses Mal ist es der Almeria 68000, der den Gewinn
nicht findet.} (55... Kc3 $1 {hätte nach bekannten Mustern wieder gewonnen.}
56. Rb1 Ra4 57. g4 hxg3+ 58. Kxg3 Kc2 $3 (58... Rxb4 $4 {Aber ja nicht} 59.
Rxb4 Kxb4 60. h4 $11 {Remis}) 59. Rh1 Rxb4 60. h4 Rd4 61. h5 b4 62. h6 Rd8 63.
h7 Rh8 64. Rh2+ Kc3 $19 {und gewinnt}) {[#]} 56. Rb1 $2 {[%mdl 32768] Aber
sofort revanchiert sich der Mach III mit einem letzten Verlustzug, indem er
die Stärke seiner Bauern am Königsflügel vergisst.} (56. g4 hxg3+ 57. hxg3
$11 {macht leicht Remis.}) 56... Kd3 57. Rb2 (57. g4 {genügt jetzt schon
nicht mehr wegen} Ke4 58. g5 Kf5 59. Rg1 Kg6 60. Rg4 Rc2+ 61. Kf3 (61. Kg1 Rc4
$19) 61... Rxh2 $19 {und gewinnt}) 57... Rc4 58. g4 (58. g3 {hilft auch nicht
mehr} Kc3 59. Rb1 hxg3+ 60. Kxg3 Kc2 61. Rh1 Rxb4 62. h4 Re4 63. Kf3 Re8 $19)
58... Rxg4 59. Kf3 Rd4 60. Rb1 Kc2 61. Ke3 Rc4 {Auch der Übergang ins
Bauernendspiel bringt den Sieg für Schwarz.} (61... Kxb1 62. Kxd4 Kb2 63. Kc5
Kb3 64. h3 Kc3 65. Kxc6 Kxb4 $19) 62. Rf1 Rxb4 {In wenigen Zügen hat Schwarz
zwei Bauern erobert, was die Lage natürlich hoffnungslos macht für Weiss.}
63. Rf2+ Kc3 64. Rf1 Rc4 65. Rb1 b4 66. Rc1+ Kb3 67. Rf1 c5 68. Rf5 Ka3 69. Kd3
Rd4+ 70. Ke3 b3 $1 {Der Almeria 68000 findet die beste Fortsetzung.} 71. Rxc5
Ra4 72. Kd3 b2 73. Kc2 Ka2 74. Rb5 Rc4+ 75. Kd3 Rc5 {Ablenkung.} 76. Rxc5 b1=Q+
77. Kc4 Qc2+ 78. Kd4 Qxh2 79. Ra5+ Kb3 80. Rb5+ Ka4 81. Rf5 h3 82. Ke3 Qg3+ 83.
Rf3 {*** AUFGEGEBEN***} 0-1

[Event "Match 69_120'/40"]
[Site "Zürich"]
[Date "2022.??.??"]
[Round "42"]
[White "Mephisto Almeria 68000"]
[Black "Excel Mach III 68000"]
[Result "1-0"]
[WhiteElo "2079"]
[BlackElo "2021"]
[Annotator "KUT"]
[PlyCount "123"]
[EventDate "2022.??.??"]

{[%evp 0,123,19,31,14,1,-3,4,26,28,16,29,63,32,56,56,56,49,49,45,78,77,146,122,
187,190,181,184,186,185,184,192,192,181,191,191,199,188,183,184,214,191,222,
202,209,212,231,219,219,230,244,221,231,255,314,333,316,342,341,335,336,336,
329,340,343,347,363,375,441,251,261,277,277,286,292,289,281,292,343,364,383,
326,325,337,343,323,345,355,371,360,353,353,463,506,528,466,536,570,756,824,
832,810,913,859,1116,913,913,966,1214,1214,1436,1994,29116,29978,29989,29990,
29991,29992,29993,29994,29995,29996,29997,29998,29999,-30000]} 1. d4 Nf6 {
Match 120'/40 | Bediener: Rolf Bühler | 42. Partie: Weiss (Almeria) gewinnt |
Zwischenstand: 24,0-18,0 (57,1%) für Mephisto Almeria 68000 | In einer
Nimzo-Indischen Verteidigung bringt sich der Mach III schon bald nach Ende der
Bibliothek in Schwierigkeiten, was materiellen Verlust (Leichtfigur für 2
Bauern) zur Folge hat. Davon kann er sich nicht mehr erholen und erleidet so
eine schmachvolle Niederlage.} 2. c4 e6 3. Nc3 Bb4 4. e3 c5 5. Bd3 {***ENDE
BUCH***} b6 {***ENDE BUCH***} 6. Nf3 {Mit 6.Sge2 hätte Weiss in die
Rubinstein-Variante einlenken können. Die Idee dahinter: Der Springer kann
nach einem Tausch auf c3 zurückschlagen und den Doppelbauer vermeiden.} cxd4
7. exd4 O-O 8. O-O Nc6 (8... Bb7 {was die lange Diagonale und die
Zentrumsfelder kontrolliert, verdient den Vorzug.}) 9. Qc2 Be7 {Schwarz
möchte mit ...Sb4 den weissen Angriffsläufer tauschen.} 10. a3 {Verhindert
den gegnerischen Plan.} Ba6 $6 {Eine ungünstige Fortsetzung, wonach Weiss
spürbaren Vorteil erhalten sollte. Wahrscheinlich wollte Schwarz später mit .
..Sa5 und Angriff auf den weissen c4-Bauer fortsetzen. Das lässt sich jedoch
leicht verhindern.} 11. d5 $6 {Verpasst eine gute Chance durch 11.b4! mit der
Gabeldrohung b5 und grossem Raumgewinn.} {[#]} exd5 $2 {[%mdl 32768] Das ist
nun aber schwach und führt schon zu entscheidendem weissem Vorteil.} ({
Die beste Alternative} 11... Na5 12. b4 Nxc4 13. b5 Bb7 14. Bxc4 Rc8 15. Ba2
Nxd5 {hat der Mach III wohl nicht erwogen.}) 12. cxd5 {Nun gewinnt Weiss eben
Material.} Nb8 (12... Bxd3 {rettet nicht, weil nach} 13. Qxd3 {der
angegriffene Springer wohl wegziehen kann mit} Na5 {aber nach} 14. d6 {geht
der schwarze Läufer verloren.}) 13. d6 $1 {Dieser taktische Schlag muss das
Spracklen-Programm vermutlich übersehen haben.} Bxd6 14. Bxa6 Nxa6 15. Qd3 {
Doppelangriff auf Sa6 und Ld6.} Bxh2+ 16. Kxh2 Nc5 {Wenigstes hat Schwarz für
die Figur noch zwei Bauern bekommen.} 17. Qd6 Re8 {Auch 17...h6 zwecks
Vermeidung der folgenden Antwort ist eine gute Alternative.} 18. Bg5 Re6 19.
Qg3 h6 20. Be3 Nh5 21. Qg4 Nf6 22. Qf5 Qf8 23. Rad1 Rc8 {Schwarz hat kein
Gegenspiel und muss deshalb abwarten, wie Weiss gedenkt, seinen geringen
materiellen Vorteil zu realisieren.} 24. Rh1 {Bringt wenig bis gar nichts.
Weiss hätte auch seinen König mit Kg1 aus der Schusslinie nehmen können.} d6
{Auf d7 war der Bauer leichter zu verteidigen, ist er dort doch nicht dem
Angriff des weissen Läufers ausgesetzt} 25. Rhe1 Qe8 26. Bd4 {Der weisse
Druck nimmt zu. Es droht das lästige Lxf6, weil ...Txf6 wegen Txe8 nicht
möglich wäre.} Ncd7 {Hier war 26...Dd7 die verhältnismässig beste,
wenngleich ebenfalls ungenügende Verteidigung.} (26... Qd7 27. Bxf6 Rxe1 28.
Qxd7 Nxd7 29. Nxe1 Nxf6 30. Rxd6 $18) 27. Nb5 {Die Doppeldrohung a) Lxf6 Sxf6,
Sxd6 und b) Sxa7 erobert einen Bauern.} Qe7 28. Nxa7 Re8 29. Nc6 {Weiss
beherrscht das Brett nach Belieben.} Qf8 30. Kg1 d5 31. Rxe6 fxe6 32. Qg6 Rc8
33. Nfe5 Qe8 34. Nxd7 Qxg6 {Einleitung zu einer langen Abwicklung, an deren
Ende kein Zweifel am Sieger dieser Partie bestehen kann.} 35. Ne7+ Kh7 36.
Nxf6+ gxf6 (36... Qxf6 37. Bxf6 Rc7 38. Nxd5 Rd7 39. Bd8 exd5 40. Bxb6 $18) 37.
Nxg6 Kxg6 38. Bxb6 {Eine reine Leichtfigur mehr für Weiss.} Rc6 39. Be3 Rc2
40. Rd2 Rc1+ 41. Kh2 Ra1 42. Bc5 Ra2 43. Bb4 Ra1 44. Kg3 h5 45. Bc3 Ra2 $2 46.
Rd1 {Nun bleibt der schwarze Turm gar vom Spiel ausgeschlossen und Schwarz
wird bald in Zugzwang geraten.} Kf5 47. Kh4 Kg6 48. f4 f5 $2 {Beschleunigt die
unvermeidbare Niederlage.} 49. Re1 Kf7 50. Kxh5 Ke7 51. Kg5 {Nun dringt der
weisse König in die gegnerische Stellung ein.} Kd6 52. Bd4 Ke7 53. Kg6 Kd6 54.
Kf7 Kd7 55. Rc1 Ra1 {Dass der Mach III diesen unsinnig aussehenden Zug macht,
beweist, dass er das Matt gesehen hat.} 56. Rxa1 Kd6 57. Rc1 Kd7 58. b4 e5 59.
fxe5 f4 60. b5 Kd8 61. e6 f3 62. Bb6# {***MATT***} 1-0